Impact of fair value adoption in national and international frameworks for the business accounting and reporting
Gespeichert in:
| 1. Verfasser: | |
|---|---|
| Weitere Verfasser: | , |
| Format: | Buchkapitel |
| Sprache: | Slowakisch |
| Tags: |
Keine Tags, Fügen Sie das erste Tag hinzu!
|
MARC
| LEADER | 00000naa$a2200000$$$4500 | ||
|---|---|---|---|
| 001 | 0180874 | ||
| 005 | 20240502083425.1 | ||
| 041 | 0 | |a slo | |
| 044 | |a CZ | ||
| 245 | 1 | 0 | |a Impact of fair value adoption in national and international frameworks for the business accounting and reporting |c Daša Mokošová, Beáta Bednárová, Lenka Tkáčová |
| 100 | 1 | |a Mokošová, Daša, 1979- | |
| 700 | 1 | |a Bednárová, Beáta | |
| 700 | 1 | |a Tkáčová, Lenka | |